Religion in illness and health. (Record no. 334)

MARC details
000 -LEADER
fixed length control field 00793cam a22002891 4500
001 - CONTROL NUMBER
control field 6918271
003 - CONTROL NUMBER IDENTIFIER
control field GBCCL
005 - DATE AND TIME OF LATEST TRANSACTION
control field 20241126110335.0
008 - FIXED-LENGTH DATA ELEMENTS--GENERAL INFORMATION
fixed length control field 741202s1942 nyu b 000 0 eng
010 ## -
-- 42015924
035 ## - SYSTEM CONTROL NUMBER
System control number (OCoLC)1096108
040 ## - CATALOGING SOURCE
Original cataloging agency DLC
Transcribing agency OCB
Modifying agency OCoLC
-- DLC
042 ## -
-- premarc
050 00 -
-- BL65.H4
-- W5
082 ## - DEWEY DECIMAL CLASSIFICATION NUMBER
Classification number 201
Item number WIS
100 1# - MAIN ENTRY--PERSONAL NAME
Personal name Wise, Carroll A.
9 (RLIN) 358
245 10 - TITLE STATEMENT
Title Religion in illness and health.
250 ## - EDITION STATEMENT
Edition statement [1st ed.]
260 ## - PUBLICATION, DISTRIBUTION, ETC.
Place of publication, distribution, etc. New York :
Name of publisher, distributor, etc. Harper,
Date of publication, distribution, etc. [1942]
300 ## - PHYSICAL DESCRIPTION
Extent xiv, 279 p.
Dimensions 21 cm.
504 ## - BIBLIOGRAPHY, ETC. NOTE
Bibliography, etc. note Includes bibliographies.
650 #0 - SUBJECT ADDED ENTRY--TOPICAL TERM
Topical term or geographic name entry element Medicine
General subdivision Religious aspects.
9 (RLIN) 359
650 #0 - SUBJECT ADDED ENTRY--TOPICAL TERM
Topical term or geographic name entry element Personality.
9 (RLIN) 360
650 #0 - SUBJECT ADDED ENTRY--TOPICAL TERM
Topical term or geographic name entry element Psychology, Pathological.
9 (RLIN) 361
906 ## - LOCAL DATA ELEMENT F, LDF (RLIN)
a 7
b cbc
c oclcrpl
d u
e ncip
f 19
g y-gencatlg
942 ## - ADDED ENTRY ELEMENTS (KOHA)
Source of classification or shelving scheme Dewey Decimal Classification
Koha item type Books
Koha issues (borrowed), all copies 2
Holdings
Withdrawn status Lost status Source of classification or shelving scheme Damaged status Not for loan Home library Current Library Shelving location Date acquired Total checkouts Full call number Barcode Date last seen Date last checked out Copy number Price effective from Koha item type
    Dewey Decimal Classification     GRACE BIBLE COLLEGE GRACE BIBLE COLLEGE Philosophy and Religion 2016-10-19 2 201 WIS 007135 2025-05-01 2019-10-11 c.1 2016-10-19 Books
© Grace Bible College Library 2025